000 00470nam a2200169 i 4500
001 47368
003 ES-MaACL
005 20250620063013.0
007 t|
008 030407s1967 sp ||||1| spa d
100 1 _aCorbera Fradera, Carolina,
_d1926-1979
_940459
245 1 3 _aLa defensa /
_cCarolina Corbera Fradera.
260 _aMadrid :
_bLincor,
_c1967.
300 _a290 p. ;
_c21 cm.
852 _aES-MaACL
_jC-33188
_bR.63995
999 _c47368
_d47368